Running snob
Đã lưu trong:
| 主要作者: | |
|---|---|
| 格式: | 图书 |
| 语言: | Undetermined |
| 出版: |
Guilford
Lyons Press
2017
|
| 主题: | |
| 标签: |
添加标签
没有标签, 成为第一个标记此记录!
|
| Thư viện lưu trữ: | Trung tâm Học liệu Trường Đại học Cần Thơ |
|---|
| LEADER | 00537nam a2200193Ia 4500 | ||
|---|---|---|---|
| 001 | CTU_236221 | ||
| 008 | 210402s9999 xx 000 0 und d | ||
| 082 | |a 818 | ||
| 082 | |b N424 | ||
| 100 | |a Nelson, Kevin | ||
| 245 | 0 | |a Running snob | |
| 245 | 0 | |c Kevin Nelson | |
| 260 | |a Guilford | ||
| 260 | |b Lyons Press | ||
| 260 | |c 2017 | ||
| 650 | |a Vận động viên chạy bộ (thể thao),Runners (sports) | ||
| 650 | |x Hài hước,Humor | ||
| 910 | |b dqhieu | ||
| 980 | |a Trung tâm Học liệu Trường Đại học Cần Thơ | ||